[Event "4NCL Online Division 1"]
[Site "online"]
[Date "2021.03.23"]
[EventDate "2021.03.23"]
[Round "5.131"]
[White "Lindner, Daniel"]
[WhiteTitle "CM"]
[WhiteElo "2240"]
[WhiteTeam "Kent KJCA Kestrels A"]
[Black "Roberson, Peter T"]
[BlackTitle "IM"]
[BlackElo "2520"]
[BlackTeam "Celtic Tigers & Sharks"]
[Result "1/2-1/2"]
[PlyCount "114"]

1. c4 e6 2. g3 d5 3. Bg2 dxc4 4. Na3 Bxa3 5. bxa3 Nc6 6. Qc2 e5 7. Qxc4 Nge7 8. Nf3 Be6 9. Qc2 Qd7 10. O-O Bh3 11. Rb1 Bxg2 12. Kxg2 b6 13. Bb2 Qe6 14. Qb3 Qd6 15. Rbc1 O-O 16. Qc3 f6 17. d4 exd4 18. Qc4+ Rf7 19. Rfd1 Rc8 20. Nxd4 Na5 21. Qe6 Qxe6 22. Nxe6 c5 23. Bc3 Nec6 24. Nf4 Re7 25. h4 Kf7 26. h5 Nb7 27. h6 g5 28. Nd5 Rxe2 29. Nxf6 Kg6 30. Rd7 Re7 31. Rcd1 Rd8 32. Rxd8 Nbxd8 33. Ng8 Re8 34. Rd6+ Re6 35. Rd7 Nf7 36. Rc7 Nd4 37. Bxd4 cxd4 38. Ne7+ Kxh6 39. Nf5+ Kg6 40. Nxd4 Rd6 41. Nb5 Rd5 42. Nxa7 Ra5 43. Nc8 Rxa3 44. Nxb6 Rxa2 45. Rc6+ Kg7 46. Rc5 Re2 47. Nc4 Rc2 48. Rc6 h5 49. Ne5 Rxc6 50. Nxc6 Kf6 51. Nd4 Ne5 52. f4 gxf4 53. gxf4 Ng6 54. Kg3 Ne7 55. Kh4 Nf5+ 56. Nxf5 Kxf5 57. Kxh5 Kxf4 {[W: 0:02:31; B: 0:01:51]} 1/2-1/2

[Event "4NCL Online Division 1"]
[Site "online"]
[Date "2021.03.23"]
[EventDate "2021.03.23"]
[Round "5.132"]
[White "Reimanis, Ritvars"]
[WhiteTitle "IM"]
[WhiteElo "2507"]
[WhiteTeam "Celtic Tigers & Sharks"]
[Black "Bansal, Rohan"]
[BlackElo "2156"]
[BlackTeam "Kent KJCA Kestrels A"]
[Result "1-0"]
[PlyCount "133"]

1. d4 Nf6 2. c4 e6 3. Nf3 b6 4. g3 Bb7 5. Bg2 Be7 6. O-O O-O 7. Re1 Na6 8. a3 Qc8 9. Bg5 h6 10. Bxf6 Bxf6 11. e4 d6 12. Nc3 Rd8 13. Qc2 c5 14. e5 cxd4 15. exf6 dxc3 16. Qxc3 g6 17. Rad1 Nc5 18. Rd4 e5 19. Qe3 Qe6 20. Rh4 Qxf6 21. b4 Ne6 22. Nxe5 Bxg2 23. Ng4 Qg5 24. Nxh6+ Kg7 25. Qc3+ Qf6 26. Qxf6+ Kxf6 27. Ng4+ Kg7 28. Kxg2 g5 29. Rh3 Rac8 30. Ne3 Kg6 31. Kf1 a6 32. Rd1 b5 33. cxb5 axb5 34. Nd5 Rc2 35. g4 Ra2 36. Ne7+ Kf6 37. Nd5+ Kg6 38. Rf3 Ra8 39. Rdd3 Ra1+ 40. Kg2 Ra6 41. Ne7+ Kg7 42. Nf5+ Kg6 43. Nxd6 Nf4+ 44. Rxf4 gxf4 45. Nxb5 Kg5 46. Kf3 Rb6 47. Rd5+ Kg6 48. h4 Ra2 49. h5+ Kg7 50. g5 Re6 51. Nd4 Rxa3+ 52. Kxf4 Rb6 53. b5 Ra4 54. Kf5 Ra1 55. h6+ Kh7 56. Rd7 Kg8 57. f4 Rd1 58. Ke5 Rxb5+ 59. Nxb5 Rxd7 60. Nd6 Re7+ 61. Kf5 Ra7 62. Ne4 Ra5+ 63. Kg4 f5+ 64. gxf6 Kh7 65. f7 Ra8 66. Ng5+ Kxh6 67. Ne6 {[W: 0:36:57; B: 0:01:42]} 1-0

[Event "4NCL Online Division 1"]
[Site "online"]
[Date "2021.03.23"]
[EventDate "2021.03.23"]
[Round "5.133"]
[White "Jugand, Jean-Baptiste"]
[WhiteElo "2133"]
[WhiteTeam "Kent KJCA Kestrels A"]
[Black "Kvetny, Mark"]
[BlackTitle "IM"]
[BlackElo "2439"]
[BlackTeam "Celtic Tigers & Sharks"]
[Result "0-1"]
[PlyCount "134"]

1. e4 c5 2. Nf3 Nf6 3. e5 Nd5 4. c3 g6 5. d4 cxd4 6. cxd4 Bg7 7. Nc3 Nxc3 8. bxc3 O-O 9. Bd3 d6 10. exd6 Qxd6 11. O-O b6 12. a4 Qc7 13. Be4 Bb7 14. Bxb7 Qxb7 15. Ba3 Nc6 16. Re1 Rfe8 17. Rc1 Rac8 18. c4 Na5 19. Qd3 e6 20. d5 Qd7 21. Ne5 Bxe5 22. Rxe5 exd5 23. Rxe8+ Qxe8 24. cxd5 Nc4 25. h3 Nxa3 26. Rxc8 Qxc8 27. Qxa3 Qc5 28. Qd3 Qc1+ 29. Kh2 Qf4+ 30. Kg1 Qxa4 31. Qe2 Qd7 32. Qe5 f6 33. Qb8+ Kg7 34. d6 Kf7 35. Qh8 Ke6 36. Qg8+ Kxd6 37. Qf8+ Qe7 38. Qb8+ Kc5 39. Kf1 a5 40. Qc8+ Kb5 41. Qc3 Qe6 42. Qb2+ Ka6 43. f3 Qe5 44. Qc2 Qb5+ 45. Ke1 Qb4+ 46. Kf1 Qc5 47. Qd1 Qc4+ 48. Kg1 a4 49. Qd8 a3 50. Qa8+ Kb5 51. Kh2 Qf4+ 52. Kh1 Qc1+ 53. Kh2 Qc7+ 54. Kh1 Qc1+ 55. Kh2 Qf4+ 56. Kh1 Kb4 57. Qd5 b5 58. g3 Qc1+ 59. Kg2 Qb2+ 60. Kh1 Qb1+ 61. Kg2 Qc2+ 62. Kh1 Qc4 63. Qd6+ Kb3 64. Qxf6 a2 65. Qa1 Qc2 66. Qe5 Qb1+ 67. Kg2 Qb2+ {[W: 0:12:37; B: 0:18:12]} 0-1

[Event "4NCL Online Division 1"]
[Site "online"]
[Date "2021.03.23"]
[EventDate "2021.03.23"]
[Round "5.134"]
[White "Rendle, Thomas E"]
[WhiteTitle "IM"]
[WhiteElo "2392"]
[WhiteTeam "Celtic Tigers & Sharks"]
[Black "Ismail, Mohammed Aayan"]
[BlackElo "2042"]
[BlackTeam "Kent KJCA Kestrels A"]
[Result "0-1"]
[PlyCount "90"]

1. e4 c6 2. d4 d5 3. exd5 cxd5 4. Bd3 Nf6 5. c3 Bg4 6. Qb3 Qc8 7. Bf4 Nc6 8. Nd2 e6 9. Ngf3 Be7 10. O-O O-O 11. Ne5 Nxe5 12. dxe5 Nd7 13. Qc2 h6 14. Nb3 f6 15. exf6 Rxf6 16. Bg3 e5 17. f3 Be6 18. Rae1 Bd6 19. Kh1 Qc7 20. Bb5 a6 21. Bxd7 Bxd7 22. Rd1 Bc6 23. Rfe1 b5 24. Nc1 Re8 25. Nd3 e4 26. Bxd6 exd3 27. Rxe8+ Bxe8 28. Bxc7 dxc2 29. Rc1 Re6 30. Kg1 Bg6 31. Bf4 Re2 32. h4 Kf7 33. h5 Bh7 34. Kh2 b4 35. Kg3 Ke6 36. Rh1 bxc3 37. bxc3 Kd7 38. Bc1 Kc6 39. Ba3 Rd2 40. Rh4 Rd1 41. Rg4 Bd3 42. Rxg7 Kb5 43. Rg4 Bc4 44. Rd4 Ka4 45. Bb2 Rb1 {[W: 0:16:31; B: 0:12:46]} 0-1

[Event "4NCL Online Division 1"]
[Site "online"]
[Date "2021.03.23"]
[EventDate "2021.03.23"]
[Round "5.141"]
[White "Volovich, Julia"]
[WhiteElo "2057"]
[WhiteTeam "Poisoned Pawns"]
[Black "Ophoff, Jacques"]
[BlackTitle "CM"]
[BlackElo "2256"]
[BlackTeam "Dundee City A"]
[Result "1/2-1/2"]
[PlyCount "77"]

1. d4 d5 2. c4 c6 3. Nf3 Nf6 4. Nc3 a6 5. a4 e6 6. Bg5 Nbd7 7. e3 Qa5 8. Nd2 Bb4 9. Qc2 c5 10. Nb3 Qc7 11. dxc5 O-O 12. Bd3 dxc4 13. Bxc4 Bxc5 14. Bd3 Bd6 15. Rc1 b6 16. Qe2 Qb8 17. Nd4 Bb7 18. Nf3 Ng4 19. h3 Nge5 20. Nxe5 Nxe5 21. Be4 Bxe4 22. Nxe4 Bb4+ 23. Nc3 Ng6 24. e4 Qe5 25. Bd2 Rfd8 26. O-O Nf4 27. Bxf4 Qxf4 28. Rfd1 h6 29. g3 Rxd1+ 30. Rxd1 Qe5 31. Qc4 Bc5 32. Kg2 a5 33. Rd7 g5 34. Qe2 Rc8 35. Qa6 Rf8 36. Qe2 Kg7 37. Qg4 Qf6 38. Qe2 Bd4 39. Nb5 {[W: 0:08:45; B: 0:07:46]} 1/2-1/2

[Event "4NCL Online Division 1"]
[Site "online"]
[Date "2021.03.23"]
[EventDate "2021.03.23"]
[Round "5.142"]
[White "Shafi, Declan"]
[WhiteElo "2150"]
[WhiteTeam "Dundee City A"]
[Black "Srivastava, Arnav"]
[BlackElo "1971"]
[BlackTeam "Poisoned Pawns"]
[Result "1-0"]
[PlyCount "41"]

1. d4 Nf6 2. Nf3 d5 3. c4 e6 4. Nc3 b6 5. Bf4 Bd6 6. Ne5 Bb7 7. e3 Nbd7 8. Be2 O-O 9. O-O dxc4 10. Bxc4 Nd5 11. Bg3 Bxe5 12. dxe5 Nc5 13. Qg4 Nxc3 14. bxc3 Qd7 15. Bh4 Kh8 16. Rad1 Qc6 17. f3 h6 18. Rd4 Rae8 19. Bf6 Rg8 20. Qh5 Kh7 21. Rh4 {[W: 0:19:44; B: 0:22:59]} 1-0

[Event "4NCL Online Division 1"]
[Site "online"]
[Date "2021.03.23"]
[EventDate "2021.03.23"]
[Round "5.143"]
[White "Weersing, Abigail Riis"]
[WhiteElo "1867"]
[WhiteTeam "Poisoned Pawns"]
[Black "Spencer, Edwin A"]
[BlackElo "2121"]
[BlackTeam "Dundee City A"]
[Result "1/2-1/2"]
[PlyCount "80"]

1. d4 g6 2. c4 Bg7 3. Nc3 d6 4. e4 e5 5. d5 a5 6. Nge2 Na6 7. Be3 f5 8. g3 Nf6 9. Bg2 Ng4 10. Bd2 O-O 11. O-O Nc5 12. f3 Nf6 13. Be3 fxe4 14. fxe4 Ng4 15. Bxc5 dxc5 16. Qd3 Bh6 17. Rf3 Rxf3 18. Bxf3 Be3+ 19. Kg2 Qg5 20. Rf1 Bd4 21. Bxg4 Bxg4 22. Nxd4 cxd4 23. Nb5 c6 24. Nd6 Qh5 25. Rf2 cxd5 26. cxd5 Rd8 27. Nxb7 Rc8 28. h4 Rc1 29. Qa3 Rc8 30. Qe7 g5 31. Qxe5 d3 32. d6 Rc2 33. Qd5+ Kg7 34. Qd4+ Kg8 35. d7 Bxd7 36. Qxd7 Rxf2+ 37. Kxf2 Qe2+ 38. Kg1 Qe1+ 39. Kh2 Qe2+ 40. Kg1 Qe3+ {[W: 0:00:32; B: 0:27:24]} 1/2-1/2

[Event "4NCL Online Division 1"]
[Site "online"]
[Date "2021.03.23"]
[EventDate "2021.03.23"]
[Round "5.144"]
[White "Hogg, Stephen William"]
[WhiteElo "2027"]
[WhiteTeam "Dundee City A"]
[Black "Zheng, Harry Z"]
[BlackElo "1941"]
[BlackTeam "Poisoned Pawns"]
[Result "1/2-1/2"]
[PlyCount "72"]

1. d4 Nf6 2. c4 e6 3. Nc3 Bb4 4. e3 O-O 5. Bd3 b6 6. Ne2 Ba6 7. O-O Bxc3 8. bxc3 Nc6 9. Ng3 Na5 10. Qe2 c5 11. e4 Ne8 12. e5 Rc8 13. Qh5 f5 14. Bg5 Qc7 15. d5 Qxe5 16. dxe6 Qxe6 17. Rfe1 Qg6 18. Qh4 h6 19. Be7 Rf7 20. Rad1 Nc6 21. Nxf5 Rxf5 22. Bxf5 Qxf5 23. g4 Qg6 24. Rxd7 Rc7 25. Rxc7 Nxc7 26. f4 h5 27. h3 Bc8 28. Bd8 hxg4 29. hxg4 Na6 30. Bg5 Qf7 31. Qh1 Bb7 32. Qd5 Nc7 33. Qd6 Ne8 34. Qd5 Nc7 35. Qd6 Ne8 36. Qd5 Nc7 {[W: 0:12:50; B: 0:02:44]} 1/2-1/2

[Event "4NCL Online Division 1"]
[Site "online"]
[Date "2021.03.23"]
[EventDate "2021.03.23"]
[Round "5.151"]
[White "Ryan, Joseph"]
[WhiteTitle "FM"]
[WhiteElo "2299"]
[WhiteTeam "St Benildus A"]
[Black "Adams, Mark"]
[BlackElo "2110"]
[BlackTeam "The Full Ponty"]
[Result "1/2-1/2"]
[PlyCount "104"]

1. b3 b6 2. Bb2 Bb7 3. e3 Nf6 4. Nf3 g6 5. Bxf6 exf6 6. c4 Bg7 7. Nc3 O-O 8. Be2 d6 9. O-O f5 10. Rc1 Nd7 11. Ne1 a6 12. Bf3 Bxf3 13. Nxf3 Nf6 14. Qc2 Re8 15. d3 c5 16. Rfd1 Qc7 17. d4 Rad8 18. dxc5 dxc5 19. Rxd8 Rxd8 20. Rd1 Rxd1+ 21. Qxd1 Qd7 22. Qxd7 Nxd7 23. Nd5 Kf8 24. Kf1 Bf6 25. Ke2 Bd8 26. Kd3 f6 27. a4 Kf7 28. h3 Ke6 29. Ng1 Kd6 30. Ne2 Ne5+ 31. Kc3 Kc6 32. Nef4 Kd6 33. Nd3 Kc6 34. f4 Nf7 35. Nf2 Nd6 36. Kd3 b5 37. axb5+ axb5 38. e4 bxc4+ 39. bxc4 fxe4+ 40. Nxe4 Nxe4 41. Kxe4 Kd6 42. f5 g5 43. Nc3 Kc6 44. Nb5 h5 45. g3 Be7 46. h4 g4 47. Nc3 Bd6 48. Nd5 Be5 49. Kd3 Kd6 50. Ke4 Kc6 51. Ne7+ Kd6 52. Nd5 Kc6 {[W: 0:06:02; B: 0:10:11]} 1/2-1/2

[Event "4NCL Online Division 1"]
[Site "online"]
[Date "2021.03.23"]
[EventDate "2021.03.23"]
[Round "5.152"]
[White "Gilbert, Jonathan A."]
[WhiteElo "1985"]
[WhiteTeam "The Full Ponty"]
[Black "Brady, Stephen"]
[BlackTitle "FM"]
[BlackElo "2240"]
[BlackTeam "St Benildus A"]
[Result "1/2-1/2"]
[PlyCount "85"]

1. e4 d6 2. c4 c5 3. Nc3 Nc6 4. Nge2 g6 5. d4 cxd4 6. Nxd4 Bg7 7. Be3 Nf6 8. Be2 O-O 9. O-O Bd7 10. Rc1 a6 11. Nc2 Ne5 12. f3 b5 13. c5 dxc5 14. Bxc5 Re8 15. f4 Nc4 16. b3 Rc8 17. Bd4 Nb6 18. Bf3 Bc6 19. Kh1 Nfd7 20. e5 Nb8 21. Ne4 Nd5 22. f5 gxf5 23. e6 f6 24. Ng3 Kh8 25. Nxf5 Rg8 26. Bc5 Bf8 27. Ncd4 Ba8 28. Qd2 Nc7 29. Rfd1 Bxf3 30. Nxf3 Qxd2 31. Nxd2 Nxe6 32. Bxe7 Bxe7 33. Nxe7 Rxc1 34. Rxc1 Re8 35. Rc8 Rxc8 36. Nxc8 Kg7 37. Kg1 Nc5 38. Kf2 Kf7 39. Nd6+ Ke6 40. N6e4 Nxe4+ 41. Nxe4 Ke5 42. Ke3 Nc6 43. Nc5 {[W: 0:03:27; B: 0:00:43]} 1/2-1/2

[Event "4NCL Online Division 1"]
[Site "online"]
[Date "2021.03.23"]
[EventDate "2021.03.23"]
[Round "5.153"]
[White "Venkatesan, Kavin"]
[WhiteElo "2065"]
[WhiteTeam "St Benildus A"]
[Black "Fletcher, John"]
[BlackElo "2042"]
[BlackTeam "The Full Ponty"]
[Result "1-0"]
[PlyCount "57"]

1. d4 Nf6 2. c4 e6 3. Nc3 d5 4. cxd5 exd5 5. Bg5 Be7 6. e3 O-O 7. Bd3 h6 8. Bh4 Re8 9. Nge2 c6 10. O-O Nbd7 11. f3 c5 12. Rc1 cxd4 13. Nxd4 Ne5 14. Bb5 Rf8 15. f4 Nc4 16. Bxc4 dxc4 17. Qe2 a6 18. Qxc4 Ng4 19. Bxe7 Qxe7 20. Nd5 Qe4 21. Rfe1 b5 22. Qc6 Ra7 23. Qc5 Rd7 24. Qxf8+ Kh7 25. Rxc8 Rxd5 26. Qg8+ Kg6 27. Rc6+ f6 28. f5+ Kh5 29. Qf7+ {[W: 0:27:31; B: 0:04:57]} 1-0

[Event "4NCL Online Division 1"]
[Site "online"]
[Date "2021.03.23"]
[EventDate "2021.03.23"]
[Round "5.154"]
[White "Hughes, Anthony"]
[WhiteTitle "CM"]
[WhiteElo "1919"]
[WhiteTeam "The Full Ponty"]
[Black "McHugh, Kevin"]
[BlackElo "2005"]
[BlackTeam "St Benildus A"]
[Result "1/2-1/2"]
[PlyCount "118"]

1. c4 Nf6 2. Nc3 g6 3. g3 Bg7 4. Bg2 O-O 5. e4 e5 6. Nge2 Nc6 7. d3 d6 8. O-O Be6 9. h3 Nd7 10. Be3 a6 11. f4 f5 12. Qd2 Nd4 13. fxe5 dxe5 14. exf5 Nxf5 15. Bg5 Qc8 16. Nd5 Kh8 17. g4 Nd6 18. Rxf8+ Bxf8 19. Rf1 Bg7 20. Qe3 Nf7 21. Nec3 Nxg5 22. Qxg5 c6 23. Qe7 Qe8 24. Qxe8+ Rxe8 25. Nc7 Re7 26. Nxe6 Rxe6 27. Rf7 Rd6 28. Be4 Kg8 29. Rf3 Nc5 30. Kf2 Ne6 31. Ke1 Nd4 32. Rf2 Rf6 33. g5 Rxf2 34. Kxf2 Kf7 35. Na4 Bf8 36. Ke3 Ne6 37. h4 Nc5 38. Nxc5 Bxc5+ 39. Kf3 Bf8 40. Kg4 h6 41. h5 hxg5 42. Kxg5 gxh5 43. Bg6+ Ke6 44. Bxh5 Kd6 45. Kf5 Bh6 46. Ke4 b5 47. cxb5 cxb5 48. b3 Bd2 49. a4 bxa4 50. bxa4 a5 51. d4 exd4 52. Kxd4 Be1 53. Be8 Bd2 54. Kc4 Be1 55. Bb5 Bd2 56. Ba6 Be1 57. Bb5 Bd2 58. Ba6 Be1 59. Bb5 Bd2 {[W: 0:05:16; B: 0:05:22]} 1/2-1/2

[Event "4NCL Online Division 1"]
[Site "online"]
[Date "2021.03.23"]
[EventDate "2021.03.23"]
[Round "5.161"]
[White "Rudd, Jack"]
[WhiteTitle "IM"]
[WhiteElo "2363"]
[WhiteTeam "Exeter Honey Badgers"]
[Black "Olson, Hamish"]
[BlackTitle "FM"]
[BlackElo "2275"]
[BlackTeam "Alba"]
[Result "1/2-1/2"]
[PlyCount "72"]

1. d4 d5 2. c4 e6 3. Nc3 Nf6 4. cxd5 exd5 5. Bg5 c6 6. Qc2 h6 7. Bxf6 Qxf6 8. e3 Nd7 9. Bd3 Bd6 10. Nf3 O-O 11. O-O Nb6 12. Rab1 Bg4 13. Nd2 Rfe8 14. b4 a6 15. a4 h5 16. b5 cxb5 17. a5 Nc4 18. Nxd5 Qg5 19. Bxc4 bxc4 20. e4 Be2 21. f4 Qd8 22. Nxc4 Bxf1 23. Rxf1 Rc8 24. Ndb6 Bb8 25. Qd3 Ba7 26. e5 Rxc4 27. Qxc4 Bxb6 28. axb6 Qxb6 29. Kh1 Qc6 30. Qxc6 bxc6 31. Rc1 Rd8 32. Rxc6 Rxd4 33. g3 a5 34. Ra6 a4 35. Kg2 Rd2+ 36. Kf3 g6 {[W: 0:41:06; B: 0:13:46]} 1/2-1/2

[Event "4NCL Online Division 1"]
[Site "online"]
[Date "2021.03.23"]
[EventDate "2021.03.23"]
[Round "5.162"]
[White "Tate, Alan"]
[WhiteTitle "FM"]
[WhiteElo "2312"]
[WhiteTeam "Alba"]
[Black "O'Neill, Paul"]
[BlackElo "2145"]
[BlackTeam "Exeter Honey Badgers"]
[Result "1-0"]
[PlyCount "121"]

1. d4 Nf6 2. c4 e6 3. Nf3 d5 4. g3 Be7 5. Bg2 O-O 6. O-O dxc4 7. Qc2 a6 8. a4 Bd7 9. Rd1 Bc6 10. Bg5 Be4 11. Qxc4 Nc6 12. Nbd2 Bd5 13. Qc1 Nb4 14. Bxf6 Bxf6 15. e4 Bc6 16. a5 Bb5 17. Nb3 Be2 18. Qc3 Bxd1 19. Rxd1 Be7 20. Ne5 b6 21. Bf3 Rb8 22. Kg2 Qc8 23. Qc4 Bd6 24. Ng4 bxa5 25. Nxa5 c5 26. d5 exd5 27. exd5 f5 28. Ne3 f4 29. Nc2 Qf5 30. Nxb4 Rxb4 31. Qe2 Kh8 32. g4 Qe5 33. Qxa6 Rd4 34. Nc6 Qf6 35. Nxd4 cxd4 36. Re1 Be5 37. Qxf6 Bxf6 38. d6 Rd8 39. d7 Kg8 40. Re8+ Kf7 41. Bd5+ Kg6 42. Rxd8 Bxd8 43. Kf3 Kf6 44. Kxf4 Ke7 45. Bc6 Kd6 46. Ba4 Kc5 47. Ke4 Bf6 48. f4 Kb4 49. g5 Bd8 50. Bc2 Kc4 51. h4 Kc5 52. Bb3 h6 53. Ba2 Be7 54. Be6 Kd6 55. Bf5 Kc5 56. Bg4 Kc4 57. Be2+ Kc5 58. b4+ Kxb4 59. Kxd4 hxg5 60. fxg5 Ka5 61. Ke5 {[W: 0:01:19; B: 0:01:52]} 1-0

[Event "4NCL Online Division 1"]
[Site "online"]
[Date "2021.03.23"]
[EventDate "2021.03.23"]
[Round "5.163"]
[White "Hampton, Paul D J"]
[WhiteElo "2031"]
[WhiteTeam "Exeter Honey Badgers"]
[Black "Berry, Neil"]
[BlackTitle "FM"]
[BlackElo "2315"]
[BlackTeam "Alba"]
[Result "0-1"]
[PlyCount "36"]

1. f4 d5 2. e3 Nf6 3. d3 Bf5 4. Nf3 e6 5. Be2 Be7 6. O-O c5 7. Nc3 Nc6 8. Qe1 O-O 9. h3 c4 10. a3 cxd3 11. cxd3 d4 12. e4 dxc3 13. exf5 cxb2 14. Bxb2 Qb6+ 15. Rf2 Qxb2 16. fxe6 Bc5 17. d4 Nxd4 18. Kh1 Nc2 {[W: 0:21:53; B: 0:29:06]} 0-1

[Event "4NCL Online Division 1"]
[Site "online"]
[Date "2021.03.23"]
[EventDate "2021.03.23"]
[Round "5.164"]
[White "MacQueen, Calum"]
[WhiteElo "2231"]
[WhiteTeam "Alba"]
[Black "Haynes, Josiah"]
[BlackElo "2104"]
[BlackTeam "Exeter Honey Badgers"]
[Result "1/2-1/2"]
[PlyCount "65"]

1. d4 Nf6 2. Nf3 e6 3. c4 d5 4. Nc3 dxc4 5. e4 c5 6. d5 exd5 7. exd5 Bd6 8. Bxc4 a6 9. a4 O-O 10. O-O Bg4 11. Bg5 h6 12. Bh4 Re8 13. Qd3 Nbd7 14. Rfe1 Qc7 15. Bxf6 Nxf6 16. h3 Bxf3 17. Qxf3 Qd7 18. Bd3 Rxe1+ 19. Rxe1 Re8 20. Rxe8+ Qxe8 21. Ne4 Nxe4 22. Qxe4 Qxe4 23. Bxe4 b5 24. axb5 axb5 25. b3 c4 26. bxc4 bxc4 27. Kf1 Kf8 28. Ke2 Bc5 29. f3 Ke7 30. Kd2 Bd4 31. g4 Kd6 32. h4 Ke5 33. h5 {[W: 0:34:50; B: 0:27:32]} 1/2-1/2

[Event "4NCL Online Division 2"]
[Site "online"]
[Date "2021.03.09"]
[EventDate "2021.03.09"]
[Round "4.11"]
[White "McCarthy, Maurice"]
[WhiteElo "1978"]
[WhiteTeam "Morriston Alekhine"]
[Black "McMahon, Timothy P"]
[BlackElo "1941"]
[BlackTeam "Croesoswallt"]
[Result "1-0"]
[PlyCount "81"]

1. c4 e5 2. d3 Bb4+ 3. Bd2 Bxd2+ 4. Qxd2 Nf6 5. Nf3 d6 6. Nc3 O-O 7. e3 Nbd7 8. Be2 c6 9. O-O a5 10. Rfd1 Qe7 11. Rac1 Re8 12. Qc2 Nf8 13. a3 Bf5 14. Qb3 h6 15. Re1 Be6 16. Qd1 N8d7 17. d4 e4 18. Nd2 d5 19. cxd5 cxd5 20. Nb5 Rac8 21. Nc7 Red8 22. Qb3 Nf8 23. Nxe6 fxe6 24. Rc3 Ng6 25. Rec1 Rxc3 26. Qxc3 Rf8 27. Qxa5 Qf7 28. Rc7 Nd7 29. f4 Nxf4 30. exf4 Qxf4 31. Bf3 Qe3+ 32. Kf1 exf3 33. Nxf3 Nf6 34. Qc3 Qf4 35. Rxb7 Ne4 36. Qc7 Qf6 37. Ke2 Ng5 38. Nxg5 hxg5 39. Kd3 e5 40. dxe5 Qf5+ 41. Kd4 {Time forfeit} {[W: 0:14:46; B: 0:01:01]} 1-0

[Event "4NCL Online Division 2"]
[Site "online"]
[Date "2021.03.09"]
[EventDate "2021.03.09"]
[Round "4.12"]
[White "Cox, Leon"]
[WhiteElo "1877"]
[WhiteTeam "Croesoswallt"]
[Black "Howells, Chris"]
[BlackElo "1788"]
[BlackTeam "Morriston Alekhine"]
[Result "1-0"]
[PlyCount "159"]

1. e4 d6 2. d4 Nf6 3. Nc3 c6 4. f4 Qa5 5. e5 Ne4 6. Bd2 Nxd2 7. Qxd2 g6 8. Nf3 d5 9. h3 Bg7 10. O-O-O b5 11. Kb1 Nd7 12. Bd3 Nb6 13. b3 Qa3 14. Qc1 Qxc1+ 15. Kxc1 a5 16. g4 a4 17. b4 Bd7 18. a3 O-O-O 19. Rde1 Na8 20. Kb2 Nc7 21. f5 Rdf8 22. Rhg1 gxf5 23. gxf5 Bh6 24. Rg4 Rfg8 25. Reg1 Rxg4 26. Rxg4 f6 27. Ne2 Be8 28. Nf4 Bf7 29. Be2 Bxf4 30. Rxf4 Rg8 31. Rg4 Rxg4 32. hxg4 Kd8 33. Kc3 h6 34. Kd3 Ne8 35. Ke3 Ng7 36. Kf4 Ke8 37. Ne1 Kf8 38. Nd3 Be8 39. Nc5 Kf7 40. e6+ Kf8 41. Nd7+ Kg8 42. c3 Kh7 43. Nb6 Kg8 44. Nc8 Kf8 45. Bf3 h5 46. g5 fxg5+ 47. Kxg5 h4 48. Bg4 h3 49. Bxh3 Nh5 50. Bg4 Nf6 51. Bf3 Nh7+ 52. Kg4 Nf6+ 53. Kh4 Nh7 54. Bh5 Bxh5 55. Kxh5 Nf6+ 56. Kg6 Ne4 57. Na7 Nxc3 58. Nxc6 Ne2 59. f6 exf6 60. Kxf6 Ke8 61. e7 Nc3 62. Ke6 Nb1 63. Kxd5 Nxa3 64. Na7 Kxe7 65. Kc6 Kd8 66. d5 Nc4 67. Nxb5 a3 68. Nc3 Ne5+ 69. Kb5 Kd7 70. Ka4 Nc4 71. Kb3 Nb6 72. Kxa3 Kd6 73. Kb3 Nxd5 74. Nxd5 Kxd5 75. Ka4 Kc6 76. Ka5 Kb7 77. Kb5 Kc7 78. Ka6 Kb8 79. b5 Ka8 80. b6 {[W: 0:02:31; B: 0:03:23]} 1-0

[Event "4NCL Online Division 2"]
[Site "online"]
[Date "2021.03.09"]
[EventDate "2021.03.09"]
[Round "4.13"]
[White "Marin Marin, Francisco Javier"]
[WhiteElo "1799"]
[WhiteTeam "Morriston Alekhine"]
[Black "Hughes, Richard"]
[BlackElo "1894"]
[BlackTeam "Croesoswallt"]
[Result "1-0"]
[PlyCount "61"]

1. e4 c5 2. Nf3 e6 3. c3 d5 4. e5 Nc6 5. d4 Qb6 6. Bd3 Bd7 7. O-O cxd4 8. cxd4 Nxd4 9. Nxd4 Qxd4 10. Nc3 Qxe5 11. Re1 Qd6 12. Nb5 Qb8 13. Qf3 Bd6 14. Qxd5 Bxh2+ 15. Kh1 a6 16. Nd4 Nf6 17. Qg5 O-O 18. g3 Qd6 19. Qf4 Qxf4 20. Bxf4 Ng4 21. Kg2 Bxg3 22. Bxg3 Rac8 23. Rac1 Rxc1 24. Rxc1 e5 25. Nf5 Bc6+ 26. Kh3 Bf3 27. Nh4 e4 28. Nxf3 Nxf2+ 29. Bxf2 exd3 30. Rd1 Rd8 31. Bd4 {[W: 0:28:01; B: 0:20:23]} 1-0

[Event "4NCL Online Division 2"]
[Site "online"]
[Date "2021.03.09"]
[EventDate "2021.03.09"]
[Round "4.14"]
[White "Lovatt, Peter G"]
[WhiteElo "1776"]
[WhiteTeam "Croesoswallt"]
[Black "Williams, Duncan"]
[BlackElo "1848"]
[BlackTeam "Morriston Alekhine"]
[Result "1-0"]
[PlyCount "55"]

1. d4 d5 2. Bf4 Nf6 3. Nf3 e6 4. e3 c5 5. c3 Nc6 6. Bd3 cxd4 7. exd4 Nh5 8. Be3 Bd6 9. O-O Nf4 10. Bc2 O-O 11. Nbd2 b6 12. g3 g5 13. gxf4 gxf4 14. Ne5 Nxe5 15. dxe5 Bxe5 16. Qh5 f5 17. Bd4 Bxd4 18. cxd4 Ba6 19. Rfe1 Rf6 20. Kh1 Rg6 21. Nf3 Qc7 22. Rac1 Rc8 23. Ne5 Rg7 24. Rg1 Rxg1+ 25. Rxg1+ Kf8 26. Qh6+ Ke8 27. Rg8+ Ke7 28. Rg7+ {[W: 0:11:09; B: 0:24:07]} 1-0

[Event "4NCL Online Division 2"]
[Site "online"]
[Date "2021.03.09"]
[EventDate "2021.03.09"]
[Round "4.21"]
[White "Vleeshhouwer, Douglas"]
[WhiteElo "2114"]
[WhiteTeam "Hull & Beverley Romans 1"]
[Black "Kallitsis, Nikolaos"]
[BlackElo "2055"]
[BlackTeam "CSC 3"]
[Result "1-0"]
[PlyCount "69"]

1. b3 e5 2. Bb2 Nc6 3. e3 g6 4. Nf3 Bg7 5. c4 Nge7 6. d4 e4 7. Ng5 f5 8. Nc3 h6 9. Nh3 O-O 10. Nf4 g5 11. Nh5 Bh8 12. h4 Ng6 13. hxg5 hxg5 14. Qd2 a5 15. O-O-O d6 16. Be2 Qe7 17. f3 exf3 18. gxf3 Rf7 19. Nd5 Qd8 20. a4 Nce7 21. Nxe7+ Qxe7 22. Rdg1 Bd7 23. Bd3 Kf8 24. e4 Nh4 25. Rxh4 gxh4 26. Qh6+ Ke8 27. Rg8+ Rf8 28. Rxh8 Rxh8 29. Qxh8+ Qf8 30. Nf6+ Ke7 31. Nd5+ Kf7 32. Qf6+ Kg8 33. Ne7+ Kh7 34. Qg6+ Kh8 35. d5+ {[W: 0:09:35; B: 0:00:53]} 1-0

[Event "4NCL Online Division 2"]
[Site "online"]
[Date "2021.03.09"]
[EventDate "2021.03.09"]
[Round "4.22"]
[White "Samarasinghe Jude, Ranga"]
[WhiteElo "1965"]
[WhiteTeam "CSC 3"]
[Black "Hodge, Steve R"]
[BlackElo "2006"]
[BlackTeam "Hull & Beverley Romans 1"]
[Result "1/2-1/2"]
[PlyCount "133"]

1. e4 c5 2. Nf3 Nc6 3. c4 g6 4. d4 cxd4 5. Nxd4 Bg7 6. Be3 d6 7. Nc3 Nf6 8. Be2 Bd7 9. O-O O-O 10. h3 Nxd4 11. Bxd4 Bc6 12. Qd3 Nd7 13. Bxg7 Kxg7 14. Rad1 Qa5 15. a3 Ne5 16. Qg3 Rac8 17. f4 Qc5+ 18. Kh2 Nxc4 19. b4 Qe3 20. Bxc4 Qxg3+ 21. Kxg3 Bd7 22. Rd4 b5 23. Nd5 Rxc4 24. Rxc4 bxc4 25. Nxe7 Re8 26. f5 gxf5 27. exf5 f6 28. Nd5 Re5 29. Rd1 Bxf5 30. Kf4 Bd3 31. Ne3 d5 32. Rc1 Be4 33. g4 Re8 34. h4 Rc8 35. h5 c3 36. Nc2 Bxc2 37. Rxc2 Rc4+ 38. Kf3 Kh6 39. b5 Kg5 40. a4 d4 41. Ke4 Rxa4 42. Kd3 Rb4 43. Ra2 Rb2 44. Rxa7 Rd2+ 45. Ke4 c2 46. Rg7+ Kh4 47. Rc7 d3 48. b6 Rd1 49. b7 Rb1 50. Kxd3 Rxb7 51. Rxc2 Kxg4 52. h6 Re7 53. Rg2+ Kf4 54. Rg7 Re3+ 55. Kd2 Rh3 56. Rxh7 Kg5 57. Rg7+ Kxh6 58. Rg8 Rh5 59. Ke3 Rg5 60. Rf8 Kg6 61. Kf4 Ra5 62. Rg8+ Kf7 63. Rb8 Ra4+ 64. Kf5 Ra5+ 65. Kf4 Ra4+ 66. Kf5 Ra5+ 67. Kf4 {[W: 0:18:03; B: 0:02:28]} 1/2-1/2